Formación básica para los profesionales de la educación : procesos y contextos educativos /

I tiakina i:
Ngā taipitopito rārangi puna kōrero
Kaituhi matua: Colom, Antoni J. (autor)
Ētahi atu kaituhi: Domínguez, Emilia (autor) (autor), Sarramona López, Jaime (autor) (autor)
Hōputu: Pukapuka
Reo:Pāniora
I whakaputaina: Barcelona, España : Ariel, 2011, c2011
Rangatū:(Ciencias Sociales Ariel. Educación)
Ngā marau:
Ngā Tūtohu: Tāpirihia he Tūtohu
Kāore He Tūtohu, Me noho koe te mea tuatahi ki te tūtohu i tēnei pūkete!

MARC

LEADER 00000nam^a2200000^a^4500
001 000322054
005 20250521000000.0
009 20260310113600.541
020 |a 978-84-344-1350-4 
037 |a Acervo ITESO - Biblioteca 
041 |a ESP 
082 |a 370. 710946  |b COL 
100 |a Colom, Antoni J.  |e (autor) 
245 1 0 |a Formación básica para los profesionales de la educación :  |b procesos y contextos educativos /  |c A.J. Colom, E. Domínguez, J. Sarramona López. 
264 4 |a Barcelona, España :  |b Ariel,  |c 2011, c2011 
300 |a 294 p. 
336 |a texto  |b txt  |2 rdacontenido 
337 |a sin mediación  |b n  |2 rdamedio 
338 |a volumen  |b nc  |2 rdasoporte 
440 1 |a (Ciencias Sociales Ariel.  |p Educación) 
649 |a XX 
650 |a Formación y Capacitación de Profesores -  |z España -  |x Tema Principal 
650 |a Educación -  |x Teoría 
650 |a Educación -  |z España -  |x Estudio y Enseñanza 
650 |a Filosofía de la Educación 
650 |a Proceso Educativo 
650 |a Política Educativa 
650 |a Educación Normal 
650 |a Educación Superior 
700 |a Domínguez, Emilia  |e (autor) 
700 |a Sarramona López, Jaime  |e (autor) 
910 |a Fondo General 
920 |a Impresos - Libros 
930 |a Colección General 
905 |a 101 
901 |a 0500209202  |b IT1  |c ACC  |i C131999  |u 20250521 
902 |a https://opac.biblio.iteso.mx/vufind/Record/000322054